Southeast Asia Coast of Arms - Statistics

General Stats
  • This quiz has been taken 11 times
  • The average score is 9 of 11
Answer Stats
Picture Answer % Correct
Philippines
100%
Timor Leste
100%
Myanmar
91%
Vietnam
91%
Brunei
82%
Singapore
82%
Cambodia
73%
Laos
73%
Malaysia
73%
Indonesia
64%
Thailand
64%
No matching quizzes found
Score Distribution
Percent of People with Each Score
Percentile by Number Answered
Your Score History
You have not taken this quiz